| 000 | 00800cam a22002531 4500 | ||
|---|---|---|---|
| 001 | 15767 | ||
| 003 | BD-RjUL | ||
| 005 | 20211208235901.0 | ||
| 008 | 140210t1965 ohua b 001 0 eng | ||
| 035 | _a(BD-RjUL)15822 | ||
| 035 | _a(OCoLC)229001 | ||
| 040 |
_aDLC _cODaWU _dOCoLC _dDLC _dBD-RjUL _beng |
||
| 041 | _aeng | ||
| 082 | 0 | 0 |
_a658 _bGRM 1965 |
| 100 | 1 |
_aGreenwood, William T., _946690 |
|
| 245 | 1 | 0 |
_aManagement and organizational behavior theories : _ban interdisciplinary approach / _cby William T. Greenwood. |
| 260 |
_aCincinnati : _bSouth-Western Pub. Co., _cc1965 |
||
| 300 |
_axii, 890 p. : _billus., map. ; _c24 cm. |
||
| 504 | _aIncludes bibliographical reference and index. | ||
| 650 | 0 |
_aManagement. _948909 |
|
| 942 |
_2ddc _cBK |
||
| 999 |
_c15767 _d15767 |
||